Možnosti využitia podpory zobrazovania v imerzívnom prostredí virtuálnej reality v CAD softvéri NX

Enregistré dans:
Détails bibliographiques
Auteur principal: Janík, Filip (Auteur)
Autres auteurs: Holubek, Radovan (Directeur de thèse)
Format: Manuscrit Livre
Langue:slovaque
Publié: 2022
Sujets:
Accès en ligne:http://is.stuba.sk/zp/portal_zp.pl?podrobnosti=155393
Tags: Ajouter un tag
Pas de tags, Soyez le premier à ajouter un tag!

MARC

LEADER 00000ntm a22000003a 4500
001 stuzp89212
003 SK-STU
005 20220702211609.1
007 ta
008 150427s2015----xo-----f-mn---000-0-slo-d
040 |a STU  |b slo 
041 0 |a slo 
100 1 |a Janík, Filip  |u 063000  |4 aut  |U MTF Materiálovotechnologická fakulta  |T MTF Ústav výrobných technológií  |X 103334  |U M3000  |Y 83  |7 103334 
242 0 1 |a The possibilities of using display support in an immersive virtual reality environment in CAD software NX  |y eng 
245 1 0 |a Možnosti využitia podpory zobrazovania v imerzívnom prostredí virtuálnej reality v CAD softvéri NX 
260 |c 2022 
650 4 |a virtuálna realita  |2 slo 
650 4 |a CAD  |2 slo 
650 4 |a Industry 4.0  |2 slo 
650 4 |a CAD  |2 eng 
650 4 |a Industry 4.0  |2 eng 
650 4 |a virtual reality  |2 eng 
700 1 |a Holubek, Radovan  |u 063800  |k Z1  |4 ths  |U MTF Ústav výrobných technológií  |T MTF Katedra výrobných zariadení a systémov  |X 4311  |U M3800  |Y 660  |7 A000004311 
856 4 |u http://is.stuba.sk/zp/portal_zp.pl?podrobnosti=155393 
996 |c M* BP-9374  |l MMSKP  |s P  |a 0  |w stuzp89212_0001